Rozvoj spotrebných úverov v SR bakalárska práca

Enregistré dans:
Détails bibliographiques
Auteur principal: Valachovič, Michal
Collectivité auteur: Národohospodárska fakulta EU. Katedra bankovníctva a medzinárodných financií
Autres auteurs: Moravová, Julianna
Format: Livre
Langue:slovaque
Publié: Bratislava 2009
Tags: Ajouter un tag
Pas de tags, Soyez le premier à ajouter un tag!

MARC

LEADER 00000nam$a2200000$$$4500
001 0100217
005 20240319123400.6
041 0 |a slo 
044 |a SK 
245 1 0 |a Rozvoj spotrebných úverov v SR  |b bakalárska práca  |c Michal Valachovič ; škol. Julianna Moravová 
264 1 |a Bratislava  |c 2009 
300 |a 34 s. 
100 1 |a Valachovič, Michal 
700 1 |a Moravová, Julianna 
710 2 |a Národohospodárska fakulta EU. Katedra bankovníctva a medzinárodných financií